Visualizzazione normale
Vista MARC
- Blázquez González, Jesús Alfonso,
di Personal Name
Records bibliografici associati: 2
001 - CONTROL NUMBER
- control field: 7495
003 - CONTROL NUMBER IDENTIFIER
- control field: IT-RoINE
005 - DATE AND TIME OF LATEST TRANSACTION
- control field: 20140509125312.0
008 - FIXED-LENGTH DATA ELEMENTS
- fixed length control field: 140509|| aca||aabn | a|a d
040 ## - CATALOGING SOURCE
- Original cataloging agency: IT-RoINE
- Transcribing agency: IT-RoINE
100 ## - HEADING--PERSONAL NAME
- Personal name: Blázquez González, Jesús Alfonso,
- Dates associated with a name: 1962-
670 ## - SOURCE DATA FOUND
- Source citation: Work cat.: (IT-RoINE)0: Caro Baroja, Julio, 1914-1995 7493, Semblanza de Pío Baroja :, 2011.